Death of an Irish mummy / Catie Murphy.
Available copies
- 1 of 1 copy available at LARL/NWRL Consortium.
- 1 of 1 copy available at Lake Agassiz Regional Library. (Show preferred library)
Current holds
0 current holds with 1 total copy.
Show All Copies
| Location | Call Number / Copy Notes | Barcode | Shelving Location | Status | Due Date |
|---|---|---|---|---|---|
| Ada Public Library | M MUR (Text) | 33500013755806 | Main | Available | - |
Record details
- ISBN: 9781496724229
- ISBN: 1496724224
- Physical Description: 274 pages ; 18 cm
- Publisher: New York, NY : Kensington Publishing Corp., [2021]
Content descriptions
| Summary, etc.: | When Orla, the boss at Leprechaun Limos, becomes a ... Read More |
Search for related items by subject
| Subject: | Women taxicab drivers > Fiction. Women veterans > Fiction. Murder > Fiction. Dublin (Ireland) > Fiction. |
| Genre: | Mystery fiction. Mystery fiction. Detective and mystery fiction. Cozy mysteries. Novels. |
Search for related items by series
| LDR | 02603cam a2200649 i 4500 | ||
|---|---|---|---|
| 001 | 408695 | ||
| 003 | LARL_NWRL_CONSORTIUM | ||
| 005 | 20230213160802.0 | ||
| 008 | 210622s2021 nyu 000 1 eng d | ||
| 040 | . | ‡aNjBwBT ‡beng ‡erda ‡cFMG ‡dFMG ‡dOCLCQ ‡dOCLCO ‡dUAP ‡dOCLCO ‡dOCLCF ‡dTXSCH ‡dB@L ‡dOCLCO ‡dOCLCQ ‡dOCLCO ‡dCNCAR | |
| 020 | . | ‡a9781496724229 ‡q(pbk.) | |
| 020 | . | ‡a1496724224 ‡q(pbk.) | |
| 035 | . | ‡a(OCoLC)1257306694 | |
| 043 | . | ‡ae-ie--- | |
| 082 | 0 | 4. | ‡a813/.6 ‡223 |
| 100 | 1 | . | ‡aMurphy, C. E. ‡q(Catie E.), ‡eauthor. ‡0(LARL_NWRL_CONSORTIUM)195466 |
| 245 | 1 | 0. | ‡aDeath of an Irish mummy / ‡cCatie Murphy. |
| 264 | 1. | ‡aNew York, NY : ‡bKensington Publishing Corp., ‡c[2021] | |
| 300 | . | ‡a274 pages ; ‡c18 cm | |
| 336 | . | ‡atext ‡btxt ‡2rdacontent | |
| 337 | . | ‡aunmediated ‡bn ‡2rdamedia | |
| 338 | . | ‡avolume ‡bnc ‡2rdacarrier | |
| 490 | 0 | . | ‡aDublin driver ; ‡v3 |
| 520 | . | ‡aWhen Orla, the boss at Leprechaun Limos, becomes a suspect in the murder of an American who came to Ireland, believing herself to be an heir to an old Irish earldom, Megan attempts to clear Orla's name and find the real killer. | |
| 650 | 0. | ‡aWomen taxicab drivers ‡vFiction. | |
| 650 | 0. | ‡aWomen veterans ‡vFiction. | |
| 650 | 0. | ‡aMurder ‡vFiction. ‡0(LARL_NWRL_CONSORTIUM)165989 | |
| 651 | 0. | ‡aDublin (Ireland) ‡vFiction. ‡0(LARL_NWRL_CONSORTIUM)164684 | |
| 655 | 0. | ‡aMystery fiction. | |
| 655 | 7. | ‡aMystery fiction. ‡2gsafd | |
| 655 | 7. | ‡aDetective and mystery fiction. ‡2lcgft | |
| 655 | 7. | ‡aCozy mysteries. ‡2lcgft | |
| 655 | 7. | ‡aNovels. ‡2lcgft | |
| 905 | . | ‡uvanderl | |
| 901 | . | ‡a408695 ‡b ‡c408695 ‡tbiblio ‡soclc | |

Add to basket
Permalink
Disable Highlighting